The battle of al-Qādisiyyah and the conquest of Syria and Palestine : A.D. 635-637/A.H. 14-15 /

محفوظ في:

المؤلف الرئيسي: Ṭabarī, 838?-923 (مؤلف)

مؤلفون آخرون: Friedmann, Yohanan.

التنسيق: كتاب

اللغة: English
Arabic

منشور في: Albany : State University of New York Press, c1992.

سلاسل: Ṭabarī, 838?-923. Tārīkh al-rusul wa-al-mulūk. 12.
The history of al-Ṭabarī = Taʼrīkh al-rusul wa'l-mulūk ; 12.

الموضوعات:

الوسوم: إضافة وسم

لا توجد وسوم, كن أول من يضع وسما على هذه التسجيلة!

رقم الطلب: DS38.2 .T313 v.12

LEADER 01543namaa2200385 4500
001 20663
003 OSt
005 20260105110939.0
008 130303s1992 nyu b 001 0 eng d
010 |a 90010326 
020 |a 0791407330 
040 |c ARCE Library 
041 0 |a eng  |h ara 
043 |a aw----- 
050 4 |a DS38.2 .T313 v.12 
100 0 |6 880-01  |a Ṭabarī,  |d 838?-923,  |e author 
240 1 0 |a Tārīkh al-rusul wa-al-mulūk.  |k Selections.  |l English 
245 1 4 |a The battle of al-Qādisiyyah and the conquest of Syria and Palestine :  |b A.D. 635-637/A.H. 14-15 /  |c translated and annotated by Yohanan Friedmann. 
264 1 |a Albany :  |b State University of New York Press,  |c c1992. 
300 |a xxii, 237 pages ;  |c 24 cm. 
490 0 |a Bibliotheca Persica. 
490 0 |a SUNY series in Near Eastern studies. 
490 1 |a The History of al-Ṭabarī =  |a Taʼrīkh al-rusul wa'l-mulūk ;   |v 12. 
500 |a Translation of extracts from: Tārīkh al-rusul wa-al-mulūk. 
504 |a Includes bibliographical references and index. 
600 0 0 |a Qādisȳah,  |d Battle of, 637.  |9 37954 
600 0 0 |a ʻUmar ibn al-Khaṭṭāb,  |c Caliph,  |d -644. 
651 0 |a Islamic Empire  |x History  |y 622-661. 
700 1 |a Friedmann, Yohanan.  |9 30317 
800 0 |a Ṭabarī,  |d 838?-923.  |t Tārīkh al-rusul wa-al-mulūk.  |l English ;   |v 12. 
830 4 |a The history of al-Ṭabarī = Taʼrīkh al-rusul wa'l-mulūk ;   |v 12. 
880 0 |6 100-01/(3/r  |a طبري،‪‪‪‪‪  |d 838?-923. 
901 |a reviewed 
942 |c BK  |2 lcc 
999 |c 17124  |d 17124